| 000 | 00681nam a2200253Ia 4500 | ||
|---|---|---|---|
| 003 | OSt | ||
| 005 | 20220925220330.0 | ||
| 006 | a|||||r|||| 00| 0 | ||
| 007 | ta | ||
| 008 | 220923b |||||||| |||| 00| 0 eng d | ||
| 037 | _cGeneral Book | ||
| 040 |
_aRTL _cRTL _beng |
||
| 041 |
_2eng _aeng |
||
| 082 | _aU47, K9 | ||
| 100 |
_aRobinson H _993349 |
||
| 245 | 0 | _aHuman geography | |
| 260 |
_aLondon _bMacdonald and Evans U K _c1969 |
||
| 300 |
_axi,203p. _ccm. |
||
| 490 | _aMacdonald and Evans Handbook Seires | ||
| 500 | _aAppendix p. 193-97 | ||
| 650 |
_aHuman Geography _91464 |
||
| 942 |
_hU47, K9 _cGB _2CC |
||
| 999 |
_c571153 _d571153 |
||